Normal view
MARC view
Entry Topical Term
001 - CONTROL NUMBER
- control field: 40363
003 - CONTROL NUMBER IDENTIFIER
- control field: dpl
005 - DATE AND TIME OF LATEST TRANSACTION
- control field: 20120130121112.0
008 - FIXED-LENGTH DATA ELEMENTS
- fixed length control field: 120130|||a|||||| | ||| d
040 ## - CATALOGING SOURCE
- Original cataloging agency: dpl
- Transcribing agency: dpl
150 ## - HEADING--TOPICAL TERM
- Topical term or geographic name as entry element: Statistics
670 ## - SOURCE DATA FOUND
- Source citation: Work cat.: (dpl): Gupta, S.P. 40362, Elementary statistical methods /, 1999
670 ## - SOURCE DATA FOUND
- Source citation: Work cat.: (dpl): Gupta, S.P. 40362, Elementary statistical methods /, 1999
